Statistics for Food by the Letter A (Easy Addition, for kids)

Click here to take the quiz!

General Stats

  • This quiz has been taken 434 times
  • The average score is 3 of 7

Answer Stats

HintAnswer% Correct
A juicy red fruitApple
99%
A type of nutAlmond
71%
A soup to teach you your abc's!Alphabet Soup
41%
A Candy Bar to do with the "Type of Nut"Almond Joy
23%
Most kids asume they will hate thisAsparagus
22%
^ It's the stuff you make out of ^Applesauce
6%
Stuff you put on the top of your pastaAlfredo Sauce or Alfredo
0%

Score Distribution

Percentile by Number Answered

Percent of People with Each Score

Your Score History

You have not taken this quiz